000 00297nam a22001217a 4500
008 181224b xxu||||| |||| 00| 0 eng d
041 _aeng
080 _25th
_a574
100 _a10
101 _aMJE
245 _aRecognition and Management of Pesticide Poisonings
_cReigart,J.R
942 _2udc
_cBK
999 _c53712
_d53712